| 000 | 00377nam a22001337a 4500 | ||
|---|---|---|---|
| 020 | _a978-81-87671-12-1 | ||
| 082 |
_a823 _bCAN/C |
||
| 100 | _aJACK CANFIELD, MARK VICTOR HANSEN, MARTY BECKER, D.V.M CAROL KLINE | ||
| 245 | _aCHICKEN SOUP FOR THE CAT & DOG LOVER'S SOUL | ||
| 260 |
_aINDIA _bWESTLAND LTD _c2000 |
||
| 300 | _a408 | ||
| 650 | _aCELEBRATING PETS AS FAMILY | ||
| 942 | _cBK | ||
| 999 |
_c16 _d16 |
||